[Event "FIDE World Cup 2025"]
[Site "Goa, India"]
[Date "2025.11.11"]
[Round "31.12"]
[White "Liang, Awonder"]
[Black "Sargissian, Gabriel"]
[Result "1/2-1/2"]
[TimeControl ": 90 minutes for the first 40 moves, followed by 30 minutes for the rest of the gamewith an increment of 30 seconds per move starting from move 1"]
[WhiteClock "00:05:08"]
[BlackClock "00:02:50"]
[ReferenceTime "W/2025-11-11T20:34:17.829+05:30"]
[WhiteFideId "2056437"]
[BlackFideId "13300881"]
[WhiteElo "2710"]
[BlackElo "2624"]

1. e4 {[%clk 01:30:59]} {[%emt 01:15:02]} e5 {[%clk 01:30:48]} {[%emt
00:00:12]} 2. Nc3 {[%clk 01:31:27]} {[%emt 00:00:01]} Nf6 {[%clk 01:30:44]}
{[%emt 00:00:34]} 3. g3 {[%clk 01:31:41]} {[%emt 00:00:17]} Bc5 {[%clk
01:27:15]} {[%emt 00:03:59]} 4. Bg2 {[%clk 01:31:59]} {[%emt 00:00:11]} Nc6
{[%clk 01:27:07]} {[%emt 00:00:39]} 5. Nge2 {[%clk 01:31:48]} {[%emt 00:00:41]}
a5 {[%clk 01:25:12]} {[%emt 00:02:25]} 6. d3 {[%clk 01:25:38]} {[%emt
00:06:40]} d6 {[%clk 01:25:12]} {[%emt 00:00:30]} 7. O-O {[%clk 01:25:59]}
{[%emt 00:00:09]} Bd7 {[%clk 01:09:40]} {[%emt 00:16:02]} 8. h3 {[%clk
01:25:57]} {[%emt 00:00:32]} O-O {[%clk 01:03:32]} {[%emt 00:06:39]} 9. Kh2
{[%clk 01:25:57]} {[%emt 00:00:30]} h6 {[%clk 01:02:30]} {[%emt 00:01:31]} 10.
f4 {[%clk 01:25:29]} {[%emt 00:00:58]} a4 {[%clk 01:02:01]} {[%emt 00:00:59]}
11. a3 {[%clk 01:24:24]} {[%emt 00:01:35]} Ra6 {[%clk 00:59:45]} {[%emt
00:02:47]} 12. f5 {[%clk 01:20:22]} {[%emt 00:04:31]} Nd4 {[%clk 00:49:10]}
{[%emt 00:11:06]} 13. g4 {[%clk 01:17:18]} {[%emt 00:03:34]} Nh7 {[%clk
00:34:04]} {[%emt 00:15:35]} 14. Ng3 {[%clk 00:56:41]} {[%emt 00:21:07]} f6
{[%clk 00:33:48]} {[%emt 00:00:46]} 15. Nce2 {[%clk 00:43:25]} {[%emt
00:13:47]} Be8 {[%clk 00:33:51]} {[%emt 00:00:26]} 16. Nxd4 {[%clk 00:42:35]}
{[%emt 00:01:21]} Bxd4 {[%clk 00:34:10]} {[%emt 00:00:11]} 17. c3 {[%clk
00:42:56]} {[%emt 00:00:08]} Bb6 {[%clk 00:31:04]} {[%emt 00:03:37]} 18. d4
{[%clk 00:41:19]} {[%emt 00:02:07]} Bf7 {[%clk 00:29:35]} {[%emt 00:01:59]} 19.
Qd3 {[%clk 00:39:04]} {[%emt 00:02:45]} Re8 {[%clk 00:26:58]} {[%emt 00:03:06]}
20. d5 {[%clk 00:36:17]} {[%emt 00:03:17]} Bc5 {[%clk 00:25:33]} {[%emt
00:01:55]} 21. Bd2 {[%clk 00:36:32]} {[%emt 00:00:15]} Rb6 {[%clk 00:24:37]}
{[%emt 00:01:25]} 22. Qc2 {[%clk 00:36:56]} {[%emt 00:00:07]} c6 {[%clk
00:23:26]} {[%emt 00:01:41]} 23. Rae1 {[%clk 00:37:03]} {[%emt 00:00:21]} Qa8
{[%clk 00:18:31]} {[%emt 00:05:25]} 24. Bc1 {[%clk 00:36:16]} {[%emt 00:01:18]}
Qa6 {[%clk 00:18:41]} {[%emt 00:00:20]} 25. Bf3 {[%clk 00:24:48]} {[%emt
00:11:58]} Qc4 {[%clk 00:18:10]} {[%emt 00:01:01]} 26. Qg2 {[%clk 00:24:36]}
{[%emt 00:00:41]} cxd5 {[%clk 00:16:03]} {[%emt 00:02:37]} 27. exd5 {[%clk
00:25:05]} {[%emt 00:00:02]} Ng5 {[%clk 00:16:18]} {[%emt 00:00:16]} 28. Bxg5
{[%clk 00:25:29]} {[%emt 00:00:05]} hxg5 {[%clk 00:16:41]} {[%emt 00:00:07]} 29.
h4 {[%clk 00:25:45]} {[%emt 00:00:13]} Kf8 {[%clk 00:05:52]} {[%emt 00:11:19]}
30. hxg5 {[%clk 00:17:52]} {[%emt 00:08:24]} Ke7 {[%clk 00:06:18]} {[%emt
00:00:04]} 31. Qd2 {[%clk 00:15:53]} {[%emt 00:02:29]} Rh8+ {[%clk 00:04:33]}
{[%emt 00:02:15]} 32. Kg2 {[%clk 00:16:15]} {[%emt 00:00:08]} fxg5 {[%clk
00:03:14]} {[%emt 00:01:49]} 33. Qxg5+ {[%clk 00:07:48]} {[%emt 00:08:56]} Ke8
{[%clk 00:03:40]} {[%emt 00:00:04]} 34. Re2 {[%clk 00:06:40]} {[%emt 00:01:38]}
Bxd5 {[%clk 00:03:19]} {[%emt 00:00:52]} 35. Qg6+ {[%clk 00:06:42]} {[%emt
00:00:27]} Bf7 {[%clk 00:03:17]} {[%emt 00:00:32]} 36. Qxg7 {[%clk 00:07:06]}
{[%emt 00:00:07]} Rg8 {[%clk 00:03:36]} {[%emt 00:00:11]} 37. Qh6 {[%clk
00:05:20]} {[%emt 00:02:15]} Rxg4 {[%clk 00:01:43]} {[%emt 00:02:24]} 38. Bxg4
{[%clk 00:05:34]} {[%emt 00:00:16]} Qxg4 {[%clk 00:01:56]} {[%emt 00:00:17]} 39.
f6 {[%clk 00:02:26]} {[%emt 00:03:38]} Kd7 {[%emt 00:01:56]} 40. Qg7 {[%clk
00:01:01]} {[%emt 00:01:53]} Qc4 {[%clk 00:00:55]} {[%emt 00:00:06]} 41. Rh1
{[%clk 00:18:20]} {[%emt 00:13:11]} Qd5+ {[%clk 00:26:07]} {[%emt 00:05:19]} 42.
Kh2 {[%clk 00:18:44]} {[%emt 00:00:06]} Qc4 {[%clk 00:25:01]} {[%emt 00:01:36]}
43. Rd1 {[%clk 00:13:39]} {[%emt 00:05:32]} Kc6 {[%clk 00:13:20]} {[%emt
00:12:14]} 44. Qh7 {[%clk 00:13:28]} {[%emt 00:00:40]} Kb5 {[%clk 00:12:01]}
{[%emt 00:01:50]} 45. Rdd2 {[%clk 00:10:36]} {[%emt 00:03:22]} Rc6 {[%clk
00:09:57]} {[%emt 00:02:34]} 46. Re4 {[%clk 00:09:40]} {[%emt 00:01:26]} Qe6
{[%clk 00:09:57]} {[%emt 00:00:29]} 47. Qh4 {[%clk 00:09:15]} {[%emt 00:00:56]}
Kb6 {[%clk 00:08:56]} {[%emt 00:01:31]} 48. Rde2 {[%clk 00:07:55]} {[%emt
00:01:50]} Rc8 {[%clk 00:06:24]} {[%emt 00:03:02]} 49. Rxa4 {[%clk 00:08:06]}
{[%emt 00:00:19]} d5 {[%clk 00:03:10]} {[%emt 00:03:44]} 50. Rg4 {[%clk
00:07:54]} {[%emt 00:00:42]} Bd6 {[%clk 00:03:13]} {[%emt 00:00:27]} 51. Kg2
{[%clk 00:07:47]} {[%emt 00:00:38]} e4 {[%clk 00:02:41]} {[%emt 00:01:01]} 52.
Rg7 {[%clk 00:06:15]} {[%emt 00:02:02]} Be5 {[%clk 00:02:20]} {[%emt 00:00:51]}
53. Qh7 {[%clk 00:04:07]} {[%emt 00:02:39]} Rf8 {[%clk 00:02:14]} {[%emt
00:00:35]} 54. Qf5 {[%clk 00:03:33]} {[%emt 00:01:04]} Qxf5 {[%clk 00:02:05]}
{[%emt 00:00:40]} 55. Nxf5 {[%clk 00:04:02]} {[%emt 00:00:01]} Bxf6 {[%clk
00:02:23]} {[%emt 00:00:12]} 56. Rh7 {[%clk 00:02:17]} {[%emt 00:02:15]} Bg6
{[%clk 00:01:33]} {[%emt 00:01:19]} 57. Rh6 {[%clk 00:02:43]} {[%emt 00:00:05]}
Rg8 {[%clk 00:01:15]} {[%emt 00:00:48]} 58. Kh1 {[%clk 00:02:14]} {[%emt
00:00:59]} Bg5 {[%clk 00:01:38]} {[%emt 00:00:07]} 59. Ne7 {[%clk 00:02:37]}
{[%emt 00:00:06]} Bxh6 {[%clk 00:00:59]} {[%emt 00:01:09]} 60. Nxg8 {[%clk
00:03:06]} Bh5 {[%clk 00:01:07]} {[%emt 00:00:23]} 61. Rh2 {[%clk 00:02:02]}
{[%emt 00:01:33]} Bf3+ {[%clk 00:01:32]} {[%emt 00:00:05]} 62. Kg1 {[%clk
00:02:29]} {[%emt 00:00:03]} Bf4 {[%clk 00:01:36]} {[%emt 00:00:26]} 63. Rh7
{[%clk 00:02:09]} {[%emt 00:00:50]} Bc1 {[%clk 00:01:29]} {[%emt 00:00:36]} 64.
Nf6 {[%clk 00:02:09]} {[%emt 00:00:31]} e3 {[%clk 00:01:31]} {[%emt 00:00:28]}
65. Re7 {[%clk 00:02:05]} {[%emt 00:00:34]} Kc6 {[%clk 00:01:22]} {[%emt
00:00:37]} 66. Re6+ {[%clk 00:02:22]} {[%emt 00:00:14]} Kc7 {[%clk 00:01:21]}
{[%emt 00:00:32]} 67. Kf1 {[%clk 00:01:46]} {[%emt 00:01:05]} Bd2 {[%clk
00:01:21]} {[%emt 00:00:30]} 68. a4 {[%clk 00:02:09]} {[%emt 00:00:07]} Bc1
{[%clk 00:01:06]} {[%emt 00:00:46]} 69. a5 {[%clk 00:01:07]} {[%emt 00:01:32]}
Bd2 {[%clk 00:01:33]} {[%emt 00:00:03]} 70. b4 {[%clk 00:01:33]} {[%emt
00:00:03]} Kc8 {[%clk 00:00:47]} {[%emt 00:01:16]} 71. Re8+ {[%clk 00:01:40]}
{[%emt 00:00:24]} Kc7 {[%clk 00:01:16]} 72. b5 {[%clk 00:02:07]} {[%emt
00:00:05]} d4 {[%clk 00:01:13]} {[%emt 00:00:32]} 73. cxd4 {[%clk 00:01:25]}
{[%emt 00:01:12]} e2+ {[%clk 00:01:40]} {[%emt 00:00:03]} 74. Rxe2 {[%clk
00:01:45]} {[%emt 00:00:09]} Bxe2+ {[%clk 00:02:05]} {[%emt 00:00:05]} 75. Kxe2
{[%clk 00:02:13]} {[%emt 00:00:02]} Bxa5 {[%clk 00:02:29]} {[%emt 00:00:06]} 76.
Kd3 {[%clk 00:02:40]} {[%emt 00:00:03]} Be1 {[%clk 00:02:18]} {[%emt 00:00:40]}
77. Ne4 {[%clk 00:02:52]} {[%emt 00:00:19]} Bh4 {[%clk 00:02:17]} {[%emt
00:00:31]} 78. Kc4 {[%clk 00:02:51]} {[%emt 00:00:31]} Be7 {[%clk 00:02:32]}
{[%emt 00:00:14]} 79. Nc5 {[%clk 00:03:09]} {[%emt 00:00:13]} Bh4 {[%clk
00:02:35]} {[%emt 00:00:26]} 80. Ne6+ {[%clk 00:03:33]} {[%emt 00:00:08]} Kd6
{[%clk 00:02:42]} {[%emt 00:00:20]} 81. Nf4 {[%clk 00:03:34]} {[%emt 00:00:31]}
Bf2 {[%clk 00:02:34]} {[%emt 00:00:38]} 82. Nd3 {[%clk 00:03:58]} {[%emt
00:00:06]} Bg1 {[%clk 00:02:31]} {[%emt 00:00:32]} 83. Nc5 {[%clk 00:04:22]}
{[%emt 00:00:07]} Kc7 {[%clk 00:02:57]} {[%emt 00:00:04]} 84. Na4 {[%clk
00:04:24]} {[%emt 00:00:29]} Kd6 {[%clk 00:03:04]} {[%emt 00:00:22]} 85. Nc3
{[%clk 00:04:43]} {[%emt 00:00:11]} Be3 {[%clk 00:02:54]} {[%emt 00:00:39]} 86.
Ne4+ {[%clk 00:04:59]} {[%emt 00:00:15]} Kc7 {[%clk 00:01:47]} {[%emt
00:01:37]} 87. Kc5 {[%clk 00:05:25]} {[%emt 00:00:04]} Bh6 {[%clk 00:01:59]}
{[%emt 00:00:17]} 88. Kb4 {[%clk 00:03:07]} {[%emt 00:02:49]} Bf8+ {[%clk
00:00:51]} {[%emt 00:01:38]} 89. Ka5 {[%clk 00:03:18]} {[%emt 00:00:19]} Bg7
{[%clk 00:01:15]} {[%emt 00:00:07]} 90. d5 {[%clk 00:01:53]} {[%emt 00:01:55]}
Bd4 {[%clk 00:01:42]} {[%emt 00:00:02]} 91. Kb4 {[%clk 00:02:20]} {[%emt
00:00:03]} Bg1 {[%clk 00:01:40]} {[%emt 00:00:32]} 92. Kc4 {[%clk 00:02:36]}
{[%emt 00:00:15]} Kd7 {[%clk 00:01:35]} {[%emt 00:00:34]} 93. Nc5+ {[%clk
00:02:36]} {[%emt 00:00:30]} Kc7 {[%clk 00:01:58]} {[%emt 00:00:07]} 94. Ne6+
{[%clk 00:02:54]} {[%emt 00:00:11]} Kd7 {[%clk 00:02:08]} {[%emt 00:00:19]} 95.
Nc5+ {[%clk 00:03:10]} {[%emt 00:00:15]} Kc7 {[%clk 00:02:33]} {[%emt
00:00:05]} 96. Nb3 {[%clk 00:03:37]} {[%emt 00:00:04]} Kd7 {[%clk 00:02:40]}
{[%emt 00:00:21]} 97. Nd2 {[%clk 00:03:56]} {[%emt 00:00:11]} Be3 {[%clk
00:02:46]} {[%emt 00:00:24]} 98. Ne4 {[%clk 00:04:23]} {[%emt 00:00:04]} Bg1
{[%clk 00:03:00]} {[%emt 00:00:15]} 99. Kc3 {[%clk 00:04:50]} {[%emt 00:00:04]}
Kc7 {[%clk 00:02:53]} {[%emt 00:00:37]} 100. Kb4 {[%clk 00:05:16]} {[%emt
00:00:04]} Kd7 {[%clk 00:02:48]} {[%emt 00:00:35]} 101. Kc4 {[%clk 00:05:08]}
{[%emt 00:00:37]} Be3 {[%clk 00:02:50]} {[%emt 00:00:28]} 1/2-1/2

[Event "FIDE World Cup 2025"]
[Site "Goa, India"]
[Date "2025.11.12"]
[Round "32.13"]
[White "Karthik, Venkataraman"]
[Black "Le, Quang Liem"]
[Result "0-1"]
[TimeControl ": 90 minutes for the first 40 moves, followed by 30 minutes for the rest of the gamewith an increment of 30 seconds per move starting from move 1"]
[WhiteFideId "25006479"]
[BlackFideId "12401137"]
[WhiteElo "2579"]
[BlackElo "2729"]

1. d4 {[%clk 01:30:56]} {[%emt 00:00:03]} Nf6 {[%clk 01:30:48]} {[%emt
00:00:12]} 2. c4 {[%clk 01:31:21]} {[%emt 00:00:06]} e6 {[%clk 01:31:12]}
{[%emt 00:00:06]} 3. Nc3 {[%clk 01:31:46]} {[%emt 00:00:04]} Bb4 {[%clk
01:31:32]} {[%emt 00:00:10]} 4. e3 {[%clk 01:32:05]} {[%emt 00:00:11]} O-O
{[%clk 01:31:51]} {[%emt 00:00:10]} 5. Bd3 {[%clk 01:32:17]} {[%emt 00:00:18]}
Re8 {[%clk 01:31:51]} {[%emt 00:00:30]} 6. Nge2 {[%clk 01:32:32]} {[%emt
00:00:15]} d5 {[%clk 01:32:08]} {[%emt 00:00:13]} 7. O-O {[%clk 01:32:47]}
{[%emt 00:00:15]} Nbd7 {[%clk 01:31:31]} {[%emt 00:01:07]} 8. Qc2 {[%clk
01:32:25]} {[%emt 00:00:52]} a6 {[%clk 01:24:37]} {[%emt 00:07:25]} 9. a3
{[%clk 01:19:29]} {[%emt 00:13:26]} Bf8 {[%clk 01:24:52]} {[%emt 00:00:15]} 10.
Rd1 {[%clk 01:19:45]} {[%emt 00:00:14]} h6 {[%clk 01:07:59]} {[%emt 00:17:23]}
11. b3 {[%clk 01:09:31]} {[%emt 00:10:44]} dxc4 {[%clk 01:05:20]} {[%emt
00:03:09]} 12. bxc4 {[%clk 01:07:48]} {[%emt 00:02:13]} c5 {[%clk 01:05:41]}
{[%emt 00:00:09]} 13. h3 {[%clk 01:03:11]} {[%emt 00:05:07]} b6 {[%clk
01:01:25]} {[%emt 00:04:45]} 14. Ne4 {[%clk 00:49:10]} {[%emt 00:14:31]} Bb7
{[%clk 00:58:28]} {[%emt 00:03:28]} 15. Nxf6+ {[%clk 00:49:28]} {[%emt
00:00:12]} Qxf6 {[%clk 00:58:42]} {[%emt 00:00:15]} 16. Bh7+ {[%clk 00:47:13]}
{[%emt 00:02:46]} Kh8 {[%clk 00:59:05]} {[%emt 00:00:08]} 17. Be4 {[%clk
00:47:36]} {[%emt 00:00:07]} Bxe4 {[%clk 00:56:26]} {[%emt 00:03:09]} 18. Qxe4
{[%clk 00:48:01]} {[%emt 00:00:04]} cxd4 {[%clk 00:56:12]} {[%emt 00:00:44]} 19.
exd4 {[%clk 00:46:24]} {[%emt 00:02:07]} Qf5 {[%clk 00:51:27]} {[%emt
00:05:15]} 20. Qb7 {[%clk 00:37:24]} {[%emt 00:09:30]} Red8 {[%clk 00:48:39]}
{[%emt 00:03:18]} 21. Rd2 {[%clk 00:33:11]} {[%emt 00:04:44]} Qa5 {[%clk
00:46:24]} {[%emt 00:02:45]} 22. Qf3 {[%clk 00:31:34]} {[%emt 00:02:07]} Kg8
{[%clk 00:44:14]} {[%emt 00:02:41]} 23. Qb3 {[%clk 00:31:59]} {[%emt 00:00:05]}
b5 {[%clk 00:40:05]} {[%emt 00:04:39]} 24. cxb5 {[%clk 00:32:12]} {[%emt
00:00:17]} axb5 {[%clk 00:39:51]} {[%emt 00:00:44]} 25. Rd1 {[%clk 00:29:10]}
{[%emt 00:03:32]} b4 {[%clk 00:38:35]} {[%emt 00:01:47]} 26. d5 {[%clk
00:24:02]} {[%emt 00:05:38]} Nc5 {[%clk 00:21:09]} {[%emt 00:17:55]} 27. Qf3
{[%clk 00:22:23]} {[%emt 00:02:09]} Qa4 {[%clk 00:21:21]} {[%emt 00:00:19]} 28.
Bxh6 {[%clk 00:17:03]} {[%emt 00:05:49]} bxa3 {[%clk 00:18:56]} {[%emt
00:02:55]} 29. Nc3 {[%clk 00:13:24]} {[%emt 00:04:09]} Qc4 {[%clk 00:19:07]}
{[%emt 00:00:19]} 30. Bg5 {[%clk 00:12:31]} {[%emt 00:01:23]} Rdc8 {[%clk
00:17:08]} {[%emt 00:02:29]} 31. d6 {[%clk 00:11:41]} {[%emt 00:01:21]} Nd7
{[%clk 00:14:03]} {[%emt 00:03:35]} 32. Na2 {[%clk 00:11:05]} {[%emt 00:01:06]}
Qc5 {[%clk 00:13:40]} {[%emt 00:00:53]} 33. Qg3 {[%clk 00:10:20]} {[%emt
00:01:15]} Rc6 {[%clk 00:10:19]} {[%emt 00:03:51]} 34. Be3 {[%clk 00:08:40]}
{[%emt 00:02:10]} Qf5 {[%clk 00:09:07]} {[%emt 00:01:41]} 35. Bg5 {[%clk
00:06:49]} {[%emt 00:02:23]} g6 {[%clk 00:07:42]} {[%emt 00:01:56]} 36. Be7
{[%clk 00:02:10]} {[%emt 00:05:09]} Bg7 {[%clk 00:08:03]} {[%emt 00:00:08]} 37.
Rac1 {[%clk 00:01:34]} {[%emt 00:01:06]} Rc2 {[%clk 00:07:43]} {[%emt
00:00:50]} 38. Nb4 {[%clk 00:00:44]} {[%emt 00:01:21]} Be5 {[%clk 00:04:19]}
{[%emt 00:03:54]} 39. Qe3 {[%clk 00:00:47]} {[%emt 00:00:27]} Rxc1 {[%clk
00:04:03]} {[%emt 00:00:47]} 40. Rxc1 {[%clk 00:01:01]} {[%emt 00:00:15]} a2
{[%clk 00:04:19]} {[%emt 00:00:14]} 41. Nxa2 {[%clk 00:27:41]} {[%emt
00:03:50]} Bf4 {[%clk 00:26:43]} {[%emt 00:08:06]} 42. Qd4 {[%clk 00:22:33]}
{[%emt 00:05:38]} Bxc1 {[%clk 00:22:39]} {[%emt 00:04:34]} 43. Nxc1 {[%clk
00:23:01]} {[%emt 00:00:02]} Qc2 {[%clk 00:20:09]} {[%emt 00:02:59]} 44. Bg5
{[%clk 00:14:53]} {[%emt 00:08:38]} Ra4 {[%clk 00:17:55]} {[%emt 00:02:45]} 45.
Qd2 {[%clk 00:15:17]} {[%emt 00:00:06]} Qxd2 {[%clk 00:18:06]} {[%emt
00:00:20]} 46. Bxd2 {[%clk 00:15:43]} {[%emt 00:00:04]} Rd4 {[%clk 00:18:25]}
{[%emt 00:00:11]} 47. Be3 {[%clk 00:16:09]} {[%emt 00:00:04]} Rxd6 {[%clk
00:18:45]} {[%emt 00:00:10]} 48. f4 {[%clk 00:16:35]} {[%emt 00:00:04]} Nf6
{[%clk 00:17:06]} {[%emt 00:02:08]} 49. Kf2 {[%clk 00:17:00]} {[%emt 00:00:05]}
Nd5 {[%clk 00:17:02]} {[%emt 00:00:34]} 50. Bd2 {[%clk 00:17:24]} {[%emt
00:00:06]} Ra6 {[%clk 00:17:13]} {[%emt 00:00:19]} 51. Nd3 {[%clk 00:17:48]}
{[%emt 00:00:06]} Ra2 {[%clk 00:17:23]} {[%emt 00:00:19]} 52. Ke1 {[%clk
00:18:13]} {[%emt 00:00:05]} f6 {[%clk 00:17:32]} {[%emt 00:00:21]} 53. g4
{[%clk 00:17:41]} {[%emt 00:01:01]} Kf7 {[%clk 00:17:35]} {[%emt 00:00:27]} 54.
g5 {[%clk 00:18:07]} {[%emt 00:00:05]} Ra4 {[%clk 00:17:03]} {[%emt 00:01:02]}
55. h4 {[%clk 00:17:53]} {[%emt 00:00:44]} e5 {[%clk 00:13:43]} {[%emt
00:03:50]} 56. fxe5 {[%clk 00:16:51]} {[%emt 00:01:32]} f5 {[%clk 00:14:03]}
{[%emt 00:00:09]} 57. e6+ {[%clk 00:17:09]} {[%emt 00:00:12]} Ke7 {[%clk
00:14:26]} {[%emt 00:00:07]} 58. Kd1 {[%clk 00:15:17]} {[%emt 00:02:22]} Re4
{[%clk 00:11:36]} {[%emt 00:03:20]} 59. Be1 {[%clk 00:15:11]} {[%emt 00:00:37]}
Rxe6 {[%clk 00:11:55]} {[%emt 00:00:10]} 60. Bf2 {[%clk 00:15:37]} {[%emt
00:00:04]} f4 {[%clk 00:11:30]} {[%emt 00:00:55]} 61. Nc5 {[%clk 00:15:49]}
{[%emt 00:00:18]} Rc6 {[%clk 00:09:06]} {[%emt 00:02:54]} 62. Ke2 {[%clk
00:16:04]} {[%emt 00:00:15]} Kd6 {[%clk 00:09:27]} {[%emt 00:00:09]} 63. Kf3
{[%clk 00:15:30]} {[%emt 00:01:03]} Ke5 {[%clk 00:08:56]} {[%emt 00:01:01]} 64.
Bg1 {[%clk 00:14:39]} {[%emt 00:01:22]} Kf5 {[%clk 00:08:41]} {[%emt 00:00:44]}
65. Ne4 {[%clk 00:14:49]} {[%emt 00:00:20]} Re6 {[%clk 00:08:33]} {[%emt
00:00:38]} 66. Nd2 {[%clk 00:14:50]} {[%emt 00:00:29]} Re1 {[%clk 00:08:48]}
{[%emt 00:00:15]} 67. Bf2 {[%clk 00:15:11]} {[%emt 00:00:09]} Rd1 {[%clk
00:08:59]} {[%emt 00:00:20]} 68. Nc4 {[%clk 00:15:36]} {[%emt 00:00:06]} Nc3
{[%clk 00:08:52]} {[%emt 00:00:36]} 0-1